00000000nam##2200000za#4500
0019.648882
003CaOODSP
00520210615113353
007ta
008150407|2003||||xxc|||||     f|0| 0 eng|d
020 |a1-894737-05-9
040 |aCaOODSP|beng
043 |an-cn---
0861 |aEn134-35/2003E
1102 |aNational Round Table on the Environment and the Economy (Canada)
24510|aCleaning up the past, building the future : |ba national brownfield redevelopment strategy for Canada
260 |aOttawa - Ontario : |bNational Round Table on the Environment and the Economy |c2003.
300 |axiv, 41, [40]p. : |bcoloured illus., references, tables ; |c28 cm.
5203 |aThis national brownfields redevelopment strategy presents recommendations for transforming abandoned, idle, or underutilized—and in some cases, contaminated—commercial or industrial properties into vibrant centres of community life. It addresses the key barriers to brownfield redevelopment, including legal uncertainty surrounding environment liability, lack of capital, and poor stakeholder understanding of the issue.
563 |aSoftcover
590 |a03-26|b2003-06-27
69007|aEnvironmental management|2gcpds
69007|aGlobalization|2gcpds
69007|aQuality of life|2gcpds
69007|aEconomy|2gcpds
77508|tRéhabiliter le passé, construire l'avenir : |w(CaOODSP)9.682138
7760#|tCleaning up the past, building the future : |w(CaOODSP)9.686573